00982nam a2200241Ia 4500003000400000005001700004008004100021020001800062040001800080041000800098082002200106100003000128245012700158250001200285260004400297300002800341650005700369650005900426700003700485942003500522999001900557952016400576OSt20250304115122.0210716s2013 xx 000 0 und d a9788132110606 cAIMIT LIBRARY aeng a658.406 21bSING aSingh, Gagandeep.9203696 aOrganizational development and alignment: btensegrity mandala framework /cBy Gagandeep Singh and Raghu Ananthanarayanan. a1st ed. aNew Delhi :bSage Publications ;c2013. axxv,268p. ;bPBc24 cm. aExplicating the shadow on the tacit tensions9203697 aIllustrative mapping of the tensegrity Mandala9203698 aAnanthanarayanan, Raghu.9203699 2ddccBKe1st ed.k658.406 SING c208624d208624 00102ddc40708MBAaAIMITbAIMITd2014-10-08g795.00iBill no:256; Bill dt:2014-09-20l0o658.406 SINGpMBA11190r2026-05-23 00:00:00v636.00w2021-07-16yBK